000 01746nam0a2200349 4500
001 RU\NLR\BIBL_A\010414378
005 20260409074150.0
021 _aRU
_b2014-34847
_92123
035 _a(NLR Aleph) 010414378
035 _a(NILC)RuMoRGB-007489575
090 _a9779161
_c9779161
100 _a20140710d2014 u y0rusy50 ca
101 0 _arus
_deng
_eeng
102 _aRU
105 _aa|||j|||000yy
200 1 _aФлористика
_dFloristics
_eучебное пособие для студентов, обучающихся по направлению подготовки 020400.62 - Биология
_fС.В. Викулов
_gМ-во образования и науки Рос. Федерации, Федер. гос. бюджет. образоват. учреждение высш. проф. образования "Тамбов. гос. ун-т им. Г.Р. Державина"
_zeng
210 _aТамбов
_cИзд-во ТГУ
_d2014
215 _a69 с.
_cил.
_d20
300 _aАвт. также на англ. яз.: S.V. Vikulov
300 _aРез. на англ. яз.
320 _aБиблиогр.: с. 69 (10 назв.)
510 1 _6z20790
_aFloristics
_zeng
606 _aФлористика (иск.)
_jУчебные издания для высших учебных заведений
_3RU\NLR\AUTH\661283023
_92125541
686 1 _aЩ126.9я73
700 1 _7ca
_8rus
_aВикулов
_bС. В.
_gСергей Викторович
_9144495
_3RU\NLR\AUTH\770144531
790 1 _7ba
_8rus
_aVikulov
_bS. V.
_gSergej Viktorovič
_9144496
_3RU\NLR\AUTH\770144532
801 0 _aRU
_bРГБ
_c20140515
_gRCR
942 _cBOOK
980 _aNBR
980 _aNB